|
|
|
|
| LEADER |
00000nam a2200000 a 4500 |
| 001 |
vtls001346876 |
| 003 |
SK-MaSNL |
| 005 |
20260301041150.0 |
| 008 |
240318s1997 HU a r slo |
| 015 |
|
|
|a SNBZSA1998-00445
|
| 020 |
|
|
|a 9631876101
|
| 035 |
|
|
|a SNK000300124
|
| 040 |
|
|
|a SNK
|b slo
|c SNK
|e AACR2
|
| 041 |
0 |
|
|a slo
|
| 044 |
|
|
|a HU
|
| 080 |
|
|
|a 372.41(075.2)(076.2)
|2 1981
|
| 100 |
1 |
|
|a Némethová, Miloslava
|4 aut
|9 282553
|
| 245 |
1 |
0 |
|a Obrázkový pracovný zošit pre 2. ročník všeobecných škôl
|c Miloslava Némethová
|
| 260 |
|
|
|a Budapešť
|b Nemzeti Tankönyvkiadó
|c 1997
|
| 300 |
|
|
|a 74 s.
|b ilustr.
|c 29 cm
|
| 500 |
|
|
|a Ilustr. na obál.
|
| 500 |
|
|
|a Grafika József Haui
|
| 650 |
0 |
7 |
|a čítanie
|x učebnice všeobec. škôl (2. roč.)
|x zošity pracovné
|z Maďarsko
|2 SNK
|9 342488
|
| 655 |
|
7 |
|a učebnice
|2 SNK
|9 22521
|
| 700 |
1 |
|
|a Haui, József,
|d 1952-
|4 ill
|9 178576
|
| 919 |
|
|
|a 963-18-7610-1
|
| 958 |
|
|
|a ZS
|
| 958 |
|
|
|a TL
|
| 958 |
|
|
|a UX
|
| 958 |
|
|
|a HU
|
| 999 |
|
|
|c 587748
|d 589678
|
| 952 |
|
|
|a SNK
|b SNK
|y PREZ
|7 0
|p 17A0165716
|o snkSB 59508
|i snkV 1412/98
|8 2
|0 0
|1 0
|4 0
|d 1998-11-03
|f 1
|l 0
|r 2025-04-08 00:00:00
|w 2026-02-23
|
| 952 |
|
|
|a SNK
|b SNK
|y VYP
|7 0
|p 17A0165719
|o snkSB 59508 D1
|i snkV 1413/98
|8 2
|0 0
|1 0
|4 0
|d 1998-11-03
|l 0
|r 2005-01-02 00:00:00
|w 2026-02-23
|